00601 2200229 4500001002100000005001700021008004100038035002400079082001200103090002200115100001900137245006100156250001100217260003400228300001800262650002500280850001500305985000600320999001500326999001500341999001500356YOGYA-0209000002833820090227024225.0 ind  0010-020900000028338 a297.672 a297.672bAlk KlT aALKAF, Idrus H aKiatbberdasarkan al-quran dan al haditscIdrus H. Alkaf aCet. 1 aPekalonganbSumber Ilmuc1993 a73 hlmc21 cm aIslam dan Kedokteran aYOPDYOG(B) a3 a95P0076758 a95P0076759 a95P0076760